| 000 | 00376pab a2200145 454500 | ||
|---|---|---|---|
| 008 | 180718b1990 xxu||||| |||| 00| 0 eng d | ||
| 100 | _aO'Neill, Paul E. | ||
| 245 | _aTransforming manager for organisational change | ||
| 260 | _c1990 | ||
| 300 | _a87-90 | ||
| 362 | _aJul. | ||
| 650 | _aOrganisational Change | ||
| 773 | _aTraining and Development Journal | ||
| 909 | _a14691 | ||
| 999 |
_c14691 _d14691 |
||